Reglas estándar sobre igualdad de oportunidad para las personas con discapacidad (Registro nro. 200)

Detalles MARC
000 - LÍDER
campo de control de longitud fija 01122nam a2200301Ia 4500
005 - FECHA Y HORA DE LA ÚLTIMA TRANSACCIÓN
campo de control 20210727152956.0
008 - ELEMENTOS DE DATOS DE LONGITUD FIJA - INFORMACIÓN GENERAL
campo de control de longitud fija 121119s1996 ag a gr 000 0 spa
020 ## - INTERNATIONAL STANDARD BOOK NUMBER
International Standard Book Number 9507245502
041 0# - CÓDIGO DE LENGUAJE
Código de idioma de texto / pista de sonido o título separado spa
082 04 - NÚMERO DE CLASIFICACIÓN DECIMAL DEWEY
Número de clasificación 362.404
Número de artículo N11r
040 ## - FUENTE DE CATALOGACIÓN
Agencia de catalogación original CO-BoRNBP
Lenguaje de catalogación spa
Descripción convenciones rda
Agencia de transcripción CO-BoRNBP
110 2# - ENTRADA PRINCIPAL - NOMBRE CORPORATIVO
Nombre corporativo o nombre de jurisdicción como elemento de entrada Naciones Unidas
9 (RLIN) 116358
245 10 - TÍTULO DECLARACIÓN
Título Reglas estándar sobre igualdad de oportunidad para las personas con discapacidad
Declaración de responsabilidad Naciones Unidas
250 ## - DECLARACIÓN DE EDICIÓN
Sentencia de edición Primera edición
264 #1 - AVISO DE PRODUCCIÓN, PUBLICACIÓN, DISTRIBUCIÓN, FABRICACIÓN Y DERECHOS DE AUTOR
Lugar de producción Buenos Aires
Nombre del productor Editorial Lumen
Fecha de producción 1996
300 ## - DESCRIPCIÓN FÍSICA
Alcance 106 páginas
Otros datos físicos ilustraciones
Dimensiones 22 cm.
336 ## - TIPO DE CONTENIDO
Tipo de contenido texto
Código de tipo de contenido txt
Fuente rdacontent
337 ## - TIPO DE MEDIO
Término del tipo de medio sin mediación
Código de tipo de medio n
Fuente rdamedia
338 ## - TIPO DE PORTADOR
Término del tipo de operador volumen
Código de tipo de operador nc
Fuente rdacarrier
490 0# - DECLARACIÓN EN SERIE
Estado de cuenta de la serie Colección política, servicios y trabajo social
504 ## - BIBLIOGRAFÍA
Bibliografía Incluye referencias bibliográficas
650 14 - ENTRADA DE SUJETO AÑADIDO - TÉRMINO TÓPICO
Fuente del título o término LEMB
Término tópico o elemento de entrada del nombre geográfico Personas con discapacidad física
Subdivisión general Aspectos sociales
650 14 - ENTRADA DE SUJETO AÑADIDO - TÉRMINO TÓPICO
Fuente del título o término LEMB
Término tópico o elemento de entrada del nombre geográfico Investigación social
Subdivisión general Ensayos, conferencias, etc.
650 14 - ENTRADA DE SUJETO AÑADIDO - TÉRMINO TÓPICO
Fuente del título o término LEMB
Término tópico o elemento de entrada del nombre geográfico Incapacitados
Subdivisión general Asistencia social
650 14 - ENTRADA DE SUJETO AÑADIDO - TÉRMINO TÓPICO
Fuente del título o término LEMB
Término tópico o elemento de entrada del nombre geográfico Incapacitados
Subdivisión general Derechos civiles
650 14 - ENTRADA DE SUJETO AÑADIDO - TÉRMINO TÓPICO
Fuente del título o término LEMB
Término tópico o elemento de entrada del nombre geográfico Garantías constitucionales
942 ## - ELEMENTOS DE ENTRADA AGREGADOS (KOHA)
Fuente de clasificación o esquema de estanterías Dewey Decimal Classification
Tipo de artículo Koha Libro
Existencias
Estado de retirada Pérdida de estatus Fuente de clasificación o esquema de estanterías Estado dañado No para préstamo Código de recogida Ubicación permanente Ubicación actual Ubicación de las estanterías Fecha de adquisición Fuente de adquisición Número Topográfico Código de barras Precio efectivo desde Número de copia Fecha de la última vez que se vio Tipo de artículo Koha Total de Cajas
    Dewey Decimal Classification     General Biblioteca Pública Municipal Abraham Ayala Biblioteca Pública Municipal Abraham Ayala Área General 15/06/2017 Dotación Ministerio de Cultura BNC 362.404 N11r PUE13 - 0908 21/06/2023 Ej. 1 21/06/2023 Libro  
    Dewey Decimal Classification     General Biblioteca Pública Municipal Carlos Arturo Bolívar Guevara Biblioteca Pública Municipal Carlos Arturo Bolívar Guevara Área General 11/01/2023 Dotación del Ministerio de Cultura y BNC 362.404 N11r BEL03 - 0467 11/01/2023   11/01/2023 Libro  
    Dewey Decimal Classification     General Biblioteca Pública Municipal Francisco Jaramillo Ochoa Biblioteca Pública Municipal Francisco Jaramillo Ochoa Área General 23/09/2022 Dotación MinCultura 362.404 N11r LAVI10 - 0306 23/09/2022 Ej. 1 23/09/2022 Libro  
    Dewey Decimal Classification     General Biblioteca Pública Municipal Mistrató Biblioteca Pública Municipal Mistrató Área General 29/12/2023 Dotación Ministerio de Cultura y Biblioteca Nacional de Colombia 362.404 N11r MIS12 - 0683 29/12/2023 Ej. 1 29/12/2023 Libro  
    Dewey Decimal Classification     General Biblioteca Pública Municipal de Guática Biblioteca Pública Municipal de Guática Área General 17/01/2023 Dotación Ministerio de cultura 362.404 N11r GUA07- 0587 17/01/2023 Ej. 1 17/01/2023 Libro